Alcoholic hangover: causes and cure (Record no. 23861)
[ view plain ]
| 000 -LEADER | |
|---|---|
| fixed length control field | 00449nam a2200169Ia 4500 |
| 008 - FIXED-LENGTH DATA ELEMENTS--GENERAL INFORMATION | |
| fixed length control field | 230917s9999||||xx |||||||||||||| ||und|| |
| 020 ## - ISBN | |
| Price | RS3995 |
| 040 ## - CATALOGING SOURCE | |
| -- | 242089 |
| Original cataloging agency | VIVEKANANDA LIBRARY |
| 041 ## - Language | |
| -- | English |
| 082 ## - DDC NUMBER | |
| Classification number | 641.874 S64A |
| 100 ## - MAIN ENTRY--PERSONAL NAME | |
| Personal name | Singh, A K |
| 245 #0 - TITLE STATEMENT | |
| Title | Alcoholic hangover: causes and cure |
| 260 ## - PUBLICATION, DISTRIBUTION, ETC. (IMPRINT) | |
| Place of publication, distribution, etc | Jaipur |
| Name of publisher, distributor, etc | Oxford Book Company |
| Date of publication, distribution, etc | 2017 |
| 300 ## - PHYSICAL DESCRIPTION | |
| Pages | 236 p. |
| 500 ## - GENERAL NOTE | |
| General note | 2853 04/09/2017 HBD17/7048 13/09/2017 IHTM (SFS) |
| 942 ## - ADDED ENTRY ELEMENTS (KOHA) | |
| Koha item type | Books |
| Withdrawn status | Lost status | Damaged status | Not for loan | Location (home branch) | Sublocation or collection (holding branch) | Shelving location | Date acquired | Koha issues (times borrowed) | Koha full call number | Accession No. | Koha date last seen | Koha item type |
|---|---|---|---|---|---|---|---|---|---|---|---|---|
| VIVEKANANDA LIBRARY | VIVEKANANDA LIBRARY | IHTM Library | 26/10/2017 | 641.874 S64A | 362896 | 17/09/2023 | Books |
